000 00405nam a2200157Ia 4500
008 230917s9999||||xx |||||||||||||| ||und||
040 _e15962
_aMAIN
041 _aEnglish
082 _a338.521 F338M
100 _aFels, Rendigs, ed
245 0 _aMicroeconomics problems & policies: pracitve in thinking
250 _a4th ed.
260 _aNew York
_bWest
_c1979
300 _avi,103 p.
942 _cBK
999 _c229598
_d229598